=LDR 00000nam 2200000 4500 =001 INLIS000000000030028 =005 20130612132219 =008 ***********************************Ind** =035 ##$$0010-061300000030028 =041 ##$$a Ind =082 ##$$a 2x5.1 =090 ##$$a 2x5.1, Faq t =100 ##$$a Faqih, Khozin Abu =245 ##$$a Tawaddhu', Khozin Abu Faqih =260 ##$$a 2001 $b Jakarta =300 ##$$a 111 hlm, 18 cm =650 ##$$a Akhlak =850 ##$$a NBPNMAT